Flagi państw na literę D - Statystyki

Ogólne statystyki
  • Ten quiz został rozwiązany 5 666 razy
  • Średni wynik to 4 z 5
Statystyki odpowiedzi
Obrazkowy Odpowiedź % Poprawnych
Dania
100%
Dominikana
96%
Demokratyczna Republika Konga
84%
Dominika
84%
Dżibuti
75%
Nie znaleziono quizów pasujących do podanych kryteriów
Rozkład punktacji
Procent ludzi z każdym wynikiem
Percentyl według liczby udzielonych odpowiedzi
Twoja historia wyników
Nie rozwiązałeś tego quizu